000
00474nam a2200181Ia 4500
008
090124s9999 xx 000 0 und d
082
_b
130913
100
_a
लागू चिंतामणी
245
_a
कोहरा
250
_a
1
260
_c
2002
300
_a
176
600
_a
लागू चिंतामणी
630
_a
कोहरा
700
_a
लागू चिंतामणी
730
_a
कोहरा
942
_c
BOOK
999
_c
177002
_d
177002